000
00248nam a2200097Ia 4500
005
20251222114416.0
008
251222s1900||||xx |||||||||||||| ||spa||
082
_a
DVD0010/S67/2004
245
0
_a
Van Helsing: la aventura vive para siempre:
942
_c
DVD
999
_c
2233
_d
2233